Catacrack : pensar después del 15 de mayo /

Gespeichert in:
Bibliographische Detailangaben
1. Verfasser: Valle Zubicaray, Felipe (VerfasserIn)
Format: Elektronisch E-Book
Sprache:Spanisch
Veröffentlicht: Madrid : Editorial Verbum, [2015]
Schriftenreihe:Ensayo (Editorial Verbum)
Schlagworte:
Online-Zugang:Digitalia Hispánica
Tags: Tag hinzufügen
Keine Tags, Fügen Sie den ersten Tag hinzu!

MARC

LEADER 00000nam a2200000Ii 4500
001 DIGVERBUM0258
003 NyNyDIG
008 190327s2015 sp o 000 0 spa d
006 m o d
007 cr |||||||||||
035 |a (OCoLC)1090865382 
040 |a DGITA  |b eng  |e rda  |e pn  |c DGITA 
020 |z 9788490742006 
020 |z 8490742006 
043 |a e-sp--- 
050 1 4 |a HN583.5 ebook 
082 0 4 |a 306.0946 
100 1 |a Valle Zubicaray, Felipe,  |e author. 
245 1 0 |a Catacrack :  |b pensar después del 15 de mayo /  |c Felipe Valle Zubicaray. 
264 1 |a Madrid :  |b Editorial Verbum,  |c [2015] 
300 |a 1 online resource. 
336 |a text  |b txt  |2 rdacontent 
337 |a computer  |b c  |2 rdamedia 
338 |a online resource  |b cr  |2 rdacarrier 
490 1 |a Verbum Ensayo 
588 0 |a Online resource; title from PDF title page (Digitalia, viewed March 30, 2019) 
650 0 |a Protest movements  |z Spain  |x History  |y 21st century. 
651 0 |a Spain  |x Social conditions  |y 21st century. 
650 0 |a Social movements  |z Spain  |x History  |y 21st century. 
651 0 |a Spain  |x Politics and government  |y 21st century. 
655 0 |a Electronic books. 
791 2 |a Digitalia (Firm),  |e distributor. 
793 0 |g Digitalia eBook Collection:  |a Verbum 
776 0 8 |i Print version:  |a Valle Zubicaray, Felipe.  |t Catacrack.  |d Madrid : Editorial Verbum, [2015]  |z 9788490742006  |w (DLC) 2015508958  |w (OCoLC)936183247 
830 0 |a Ensayo (Editorial Verbum) 
856 4 0 |3 Digitalia Hispánica  |u https://digitalia.unach.elogim.com/a/40525/ 
910 |a Premium collection: 2019